Responses for show #4782 - Tuesday, May 24, 2005

2005 Ultimate Tournament of Champions Round 5, game 2.

Contestants

[<< previous game]

Jerome Vered, a writer from Los Angeles, California (subtotal of $16,400)

Ken Jennings, a software engineer from Salt Lake City, Utah (subtotal of $16,000)

Brad Rutter, a TV quiz show host from Lancaster, Pennsylvania (subtotal of $18,400)

[next game >>]

Jeopardy! Round responses

AMERICAN HISTORY
U.S. GEOGRAPHY IN SONG
ALPHABETICALLY LAST
COMPOUND WORDS
GUNS & AMMO
HAUTE COUTURE
    $200 6
NAFTA

Ken
    $200 11
San Jose

Jerome
    $200 16
Venus

Ken
    $200 21
ashtrays

Jerome
    $200 1
shotguns

Brad
    $200 29
London

Brad
    $400 7
Labor

Ken
    $400 12
(Jerome: What's Kansas City?)

Las Vegas

Jerome
Triple Stumper
    $400 17
the zipper

Jerome
    $400 22
wildlife

Ken
    $400 2
.22

Brad
    $400 30
Donatella Versace

Jerome
    $600 8
the Interior

Brad
    $600 13
Hollywood

Ken
    $600 18
Venezuela

Ken
    $600 23
(Jerome: What's a, uh, an evening jacket?)

cutaway

Jerome
Triple Stumper
    $600 3
(Georg) Luger

Brad
    $600 26
(Brad: Who is Noor?)
...
(Alex: The queen is Queen [*]. [*] married to Abdullah. Noor was married to Abdullah's father.)

Rania

Brad
Triple Stumper
    $800 9
(Jerome: What is the German-American Bund?)

the America First Committee

Jerome
Triple Stumper
    $800 14
Memphis

Ken
    $800 19
(Jerome: Who is Zebedee?)

Thomas

Jerome
Triple Stumper
    $800 24
breakfront

Triple Stumper
    $800 4
(Claude-Etienne) MiniƩ

Brad
    $1,800 27
(Ken: Who is Chanel?)
(Alex: I thought someone might say that, but it's [*], another name just as famous as Coco Chanel. Select again.)

Christian Dior

Ken
    $1000 10
Monmouth

Brad
    $1000 15
Brooklyn

Ken
    $1000 20
Sen. George Voinovich (of Ohio)

Triple Stumper
    $1000 25
(Alex: Like you, I had never heard the term either--[*].)

greenstick

Triple Stumper
    $1000 5
[Applause for Brad's run of the category]

a snub-nose

Brad
    $1000 28
(Alex: Your wife would certainly appreciate a handbag by [*]. They cost a couple of thousand.)
(Ken: Uh, yeah, it just cost me $1,000.)

Judith Leiber

Triple Stumper

Scores at the first commercial break (after clue 15):

Brad Ken Jerome
$4,600 $3,000 -$1,000

Scores at the end of the Jeopardy! Round:

Brad Ken Jerome
$4,200 $2,400 -$1,400

Double Jeopardy! Round responses

RICH-ARTs & ROB-ARTs
APPROPRIATE NAMES
BRITISH BUSINESS
CROSSWORD CLUES "T"
ISTHMUS IN MAY
DESPERATE HOUSEFLIES
    $400 1
Santa Monica

Jerome
    $400 6
the nervous system

Brad
    $400 11
an ATM

Ken
    $400 16
tilde

Brad
    $400 21
the Gulf of Mexico

Ken
    $400 26
Emily Dickinson

Ken
    $800 2
Beaux Arts

Jerome
    $800 7
(Chris) Moneymaker

Brad
    $800 12
Thames & Hudson

Triple Stumper
    $800 17
(Alice) Toklas

Ken
    $800 22
the Crimea

Ken
    $800 27
(William) Blake

Ken
    $2,000 3
(Jerome: I thought it was gonna be an Orphism question, actually.)

Cubism

Jerome
    $1200 8
Cecil Fielder

Brad
    $1200 13
(Hugh) Mason

Jerome
    $3,400 18
(Ken: Yeah, I gotta come back.)

troglodyte

Ken
    $1200 23
the Isthmus of Panama

Brad
    $1200 28
Once Upon a Time in the West

Ken
    $1600 4
The Kiss

Brad
    $1600 9
Isaac Hull

Triple Stumper
    $1600 14
chemists

Brad
    $1600 19
Telemachus

Jerome
    $1600 24
(Ken: What's Bothnia?)

the Gulf of Finland

KenJerome
    $1600 29
Titus Andronicus

Brad
    $2000 5
(Richard) Neutra

Jerome
    $2000 10
Larry Speakes

Triple Stumper
    $2000 15
British Leyland

Triple Stumper
    $2000 20
(Jerome: What is tectonic?)
...
(Alex: [*], yes. You left the "S" off there, Jerome. Sorry. It cost you.)

tectonics

KenJerome
    $2000 25
Corinth

Jerome
    $2000 30
(Laurence) Sterne

Brad

Scores at the end of the Double Jeopardy! Round:

Brad Ken Jerome
$15,000 $11,000 $8,200

[wagering suggestions for these scores]

Final Jeopardy! Round responses

LAW & SOCIETY
(Alex: I hope you were thinking of Biblical epics because it would've helped you immensely.)
...
(Alex: [To Jerome] Which Hollywood legend did you come up with? Dean--thinking of Jimmy Dean.)
...
(Alex: [To Brad] And you are right. C.B. DeMille who directed The Ten Commandments.)
JeromeWho is Dean?
$5,000
KenWho is Gary Cooper?
$1,000
BradWho is De Mille?
$5,000
Cecil B. DeMille

Final scores:

Brad Ken Jerome
$20,000 $10,000 $3,200

Cumulative scores:

Brad Ken Jerome
$38,400 $26,000 $19,600

Game dynamics:

Coryat scores:

Brad Ken Jerome
$15,000 $10,600 $7,400
17 R,
1 W
17 R
(including 1 DD),
2 W
(including 1 DD)
12 R
(including 1 DD),
5 W

Combined Coryat: $33,000

The J! Archive is created by fans, for fans. The Jeopardy! game show and all elements thereof, including but not limited to copyright and trademark thereto, are the property of Jeopardy Productions, Inc. and are protected under law. This website is not affiliated with, sponsored by, or operated by Jeopardy Productions, Inc. Join the discussion at JBoard.tv.